TOP 10 X 3 : villes les plus dangereuses aux États-Unis - Statistiques

Statistiques générales
  • Ce quiz a été pris 364 fois
  • Le résultat moyen est 10 sur 30
Statistiques - réponses
Rank % Correct
2. Detroit
86%
1. Detroit
86%
1. Detroit
86%
6. Atlanta
59%
7. Baltimore
47%
7. Baltimore
47%
6. Baltimore
47%
9. Indianapolis
38%
4. Memphis
38%
4. Memphis
38%
2. Memphis
38%
1. St.Louis
38%
2. St. Louis
38%
4. St.Louis
38%
9. Cleveland
37%
7. Cleveland
37%
5. Milwaukee
34%
5. Milwaukee
34%
10. Kansas City
24%
10. Kansas City
24%
9. Oakland
16%
3. Oakland
16%
3. Oakland
16%
10. Buffalo
14%
3. Birmingham
10%
5. Birmingham
10%
8. Little Rock
7%
8. Stockton
3%
8. Stockton
3%
6. Rockford
1%
Aucun quiz correspondant
Distribution des résultats
% des personnes avec chaque résultat
Percentile par nombre de réponses
Votre historique - résultats
Vous n’avez pas pris ce quiz